Hodnotenie efektívnosti stavebného podniku

Vymedzenie pojmu efektívnosť. Analýza úrovne výrobného procesu. Analytické ukazovatele efektívnosti a účinnosti. Analytické ukazovatele náročnosti. Rentabilita nákladov. Analýza efektívnosti na základe porovnávania dynamiky vstupov a výstupov. Zisk ako absolútny ukazovateľ efektívnosti. Návrh opatr...

Descrizione completa

Salvato in:
Dettagli Bibliografici
Autore principale: Kostková, Albína, 1951-
Altri autori: Havranová, Zuzana
Natura: Capitolo di libro
Lingua:slovacco
Soggetti:
Tags: Aggiungi Tag
Nessun Tag, puoi essere il primo ad aggiungerne!!

MARC

LEADER 00000naa$a2200000$$$4500
001 0105364
005 20240610135302.8
041 0 |a slo 
044 |a SK 
245 1 0 |a Hodnotenie efektívnosti stavebného podniku  |c Albína Kostková, Zuzana Havranová 
520 |a Vymedzenie pojmu efektívnosť. Analýza úrovne výrobného procesu. Analytické ukazovatele efektívnosti a účinnosti. Analytické ukazovatele náročnosti. Rentabilita nákladov. Analýza efektívnosti na základe porovnávania dynamiky vstupov a výstupov. Zisk ako absolútny ukazovateľ efektívnosti. Návrh opatrení na zvýšenie efektívnosti v podniku. 
610 2 0 |a podnik stavebný 
610 2 0 |a efektívnosť ekonomická 
610 2 0 |a proces výrobný 
610 2 0 |a ukazovatele efektívnosti 
610 2 0 |a zisk ekonomický 
610 2 0 |a rentabilita 
100 1 |a Kostková, Albína, 1951- 
700 1 |a Havranová, Zuzana